000 01978nam a2200481 c 4500
999 _c18772
_d18772
001 18772
003 ES-MaCES
005 20180201103317.0
008 060427s2006 sp o000 | spa d
017 _aM 9587-2006
_bDL
020 _a8484171981
024 7 _a201-06-083-6
_2nipo
035 _aCES20060004790m
040 _aES-MaCES
_bspa
_cES-MaCES
100 1 _aVal Tena, Ángel Luis de
_925485
245 1 3 _aLa negociación colectiva en el sector de empresas multiservicios
_cJuan Rivero Lamas (director) ; [autores], Ángel Luis de Tena, J. Jesús de Val Arnal
260 _aMadrid
_bMinisterio de Trabajo y Asuntos Sociales, Subdirección General de Información Administrativa
_c[2006]
300 _a164 p.
_c22 cm
490 1 _aColección Informes y estudios. Serie Relaciones laborales
_v73
500 _aEn la cub., además: Comisión Consultiva Nacional de Convenios Colectivos
504 _aBibliografía: p. 161-164
541 _cGratuito
650 4 _aempresa
_928178
650 4 _asector terciario
_927947
650 4 _asubcontratación
_928256
650 4 _atrabajo subcontratado
_928310
650 4 _aempresa de trabajo temporal
_929837
650 4 _atrabajador de los servicios
_930112
650 4 _anegociación colectiva
_928362
650 4 _aconvenio colectivo
_928361
650 4 _acondiciones de trabajo
_928327
650 4 _acondiciones de empleo
_930040
650 4 _aEspaña
_926964
653 1 0 _aRelaciones laborales-Empleo
700 1 _aVal Arnal, José Jesús de
_925394
700 1 _aRivero Lamas, Juan
_ecol.
_922137
710 1 _aEspaña
_bMinisterio de Trabajo y Asuntos Sociales
_eed.
_93273
710 1 _aComisión Consultiva Nacional de Convenios Colectivos (España)
_92011
830 0 _aColección Informes y estudios (España. Ministerio de Trabajo y Asuntos Sociales)
_pSerie Relaciones laborales
_v73
_932527
902 _aLIB Libro
942 _2CES
_cBK
_h2.0.